| 000 | 00964aas a2200241 4500 | ||
|---|---|---|---|
| 999 |
_c674 _d674 |
||
| 003 | BR-BrBNA | ||
| 005 | 20230317232834.0 | ||
| 007 | ta | ||
| 008 | 230119b bl ||||| |||| 00| 0 por d | ||
| 022 | _a0101-9686 | ||
| 035 | _a000485-5 | ||
| 040 |
_aBR-BrBNA _bPor _cBR-BrBNA |
||
| 042 | _a071973-0 | ||
| 044 | _abl | ||
| 245 | _aDocumentos - Empresa de Pesquisa, Assistência Técnica e Extensão Rural de Mato Grosso do Sul (Brazil) | ||
| 260 |
_aCampo Grande-MS _bEmpresa de Pesquisa, Assistência Técnica e Extensão Rural de Mato Grosso do Sul _c1981. Data final de publicação em 1997 _eBMS |
||
| 270 | _aRua Dr. Aquino, 1354 - 4º andar s/45 - 79100-000 | ||
| 310 | _airregular | ||
| 505 | _a1981-82 (1-2); 1983 (1,2 ,3); 1984-(4-8); 1986 (3,9-10,10,12-13); 1987-88 (14-21); 1989 (2,22-24,26-29,31); 1990 (5,32-35,37); 1991 (39-40); 1992 (41-42); 1995 (45); 1996 (46); 1997 (47-48); | ||
| 650 | 1 | 2 | _gAGRICULTURA |
| 909 |
_a56 _bSergio Santos _c56 _dSergio Santos |
||
| 942 |
_cCR _2AGRIS |
||